000 00338nab a22001097u 4500
008 130520b1986 xxu||||| |||| 00| 0 spa d
041 _aspa
100 1 _aMammert Bellido, J.
_967361
245 0 0 _aEl nuevo Código en una diócesis andina
_cJ. Mammert Bellido
773 0 _tConcilium
_gV.1,1986,págs.445-452
_x0210-1041
_wRev134
942 _cAR
999 _c355184
_d355184